Fußball International - Transferrekorde (TOP 100) - Statistiken

Allgemein
  • Dieses Quiz wurde 630 mal gespielt
  • Das Durchschnittsergebnis liegt bei 66 aus 100
Antwortstatistiken
Spieler Position Saison Nation Aufnehmender Verein Ablöse % Korrekt
Neymar Linksaußen 17/18 Brasilien FC Paris Saint-Germain 222,00 Mio. €
100%
Neymar Linksaußen 13/14 Brasilien FC Barcelona 88,00 Mio. €
100%
Kylian Mbappé Mittelstürmer 18/19 Frankreich / Kamerun FC Paris Saint-Germain 180,00 Mio. €
98%
Cristiano Ronaldo Mittelstürmer 18/19 Portugal Juventus Turin 117,00 Mio. €
96%
Cristiano Ronaldo Mittelstürmer 9/10 Portugal Real Madrid 94,00 Mio. €
96%
Ousmane Dembélé Rechtsaußen 17/18 Frankreich FC Barcelona 140,00 Mio. €
94%
Gareth Bale Rechtsaußen 13/14 Wales Real Madrid 101,00 Mio. €
91%
Romelu Lukaku Mittelstürmer 21/22 Belgien / DR Kongo FC Chelsea 113,00 Mio. €
91%
Romelu Lukaku Mittelstürmer 17/18 Belgien / DR Kongo Manchester United 84,70 Mio. €
91%
Romelu Lukaku Mittelstürmer 19/20 Belgien / DR Kongo Inter Mailand 74,00 Mio. €
91%
Eden Hazard Linksaußen 19/20 Belgien Real Madrid 115,00 Mio. €
89%
Antoine Griezmann Hängende Spitze 19/20 Frankreich FC Barcelona 120,00 Mio. €
88%
João Félix Hängende Spitze 19/20 Portugal Atlético Madrid 127,20 Mio. €
88%
Matthijs de Ligt Innenverteidiger 19/20 Niederlande Juventus Turin 85,50 Mio. €
87%
Matthijs de Ligt Innenverteidiger 22/23 Niederlande FC Bayern München 67,00 Mio. €
87%
Luis Suárez Mittelstürmer 14/15 Uruguay FC Barcelona 81,72 Mio. €
86%
Frenkie de Jong Zentrales Mittelfeld 19/20 Niederlande FC Barcelona 86,00 Mio. €
85%
Jack Grealish Linksaußen 21/22 England / Irland Manchester City 117,50 Mio. €
85%
Paul Pogba Zentrales Mittelfeld 16/17 Frankreich / Guinea Manchester United 105,00 Mio. €
85%
Kai Havertz Offensives Mittelfeld 20/21 Deutschland FC Chelsea 80,00 Mio. €
84%
Harry Maguire Innenverteidiger 19/20 England Manchester United 87,00 Mio. €
83%
Virgil van Dijk Innenverteidiger 17/18 Niederlande / Suriname FC Liverpool 84,65 Mio. €
82%
Enzo Fernández Defensives Mittelfeld 22/23 Argentinien FC Chelsea 121,00 Mio. €
80%
Erling Haaland Mittelstürmer 22/23 Norwegen / England Manchester City 60,00 Mio. €
80%
Kevin De Bruyne Offensives Mittelfeld 15/16 Belgien Manchester City 76,00 Mio. €
79%
Dusan Vlahovic Mittelstürmer 21/22 Serbien Juventus Turin 81,60 Mio. €
77%
Lucas Hernández Innenverteidiger 19/20 Frankreich / Spanien FC Bayern München 80,00 Mio. €
77%
Rodri Defensives Mittelfeld 19/20 Spanien Manchester City 70,00 Mio. €
77%
Zlatan Ibrahimović Mittelstürmer 09/10 Schweden FC Barcelona 69,50 Mio. €
77%
Antony Rechtsaußen 22/23 Brasilien Manchester United 95,00 Mio. €
76%
Kepa Arrizabalaga Torwart 18/19 Spanien FC Chelsea 80,00 Mio. €
75%
Philippe Coutinho Linksaußen 17/18 Brasilien / Portugal FC Barcelona 135,00 Mio. €
75%
Achraf Hakimi Rechter Verteidiger 21/22 Marokko / Spanien FC Paris Saint-Germain 68,00 Mio. €
74%
Darwin Núñez Mittelstürmer 22/23 Uruguay FC Liverpool 80,00 Mio. €
73%
Edinson Cavani Mittelstürmer 13/14 Uruguay / Italien FC Paris Saint-Germain 64,50 Mio. €
72%
James Rodríguez Offensives Mittelfeld 14/15 Kolumbien / Spanien Real Madrid 75,00 Mio. €
72%
Rúben Dias Innenverteidiger 20/21 Portugal Manchester City 71,60 Mio. €
72%
Zinédine Zidane Offensives Mittelfeld 01/02 Frankreich / Algerien Real Madrid 77,50 Mio. €
72%
Riyad Mahrez Rechtsaußen 18/19 Algerien / Frankreich Manchester City 67,80 Mio. €
71%
Alisson Torwart 18/19 Brasilien FC Liverpool 62,50 Mio. €
70%
Ángel Di María Rechtsaußen 14/15 Argentinien / Italien Manchester United 75,00 Mio. €
70%
Ángel Di María Rechtsaußen 15/16 Argentinien / Italien FC Paris Saint-Germain 63,00 Mio. €
70%
Bruno Fernandes Offensives Mittelfeld 19/20 Portugal Manchester United 65,00 Mio. €
70%
Casemiro Defensives Mittelfeld 22/23 Brasilien / Spanien Manchester United 70,65 Mio. €
70%
Pierre-Emerick Aubameyang Mittelstürmer 17/18 Gabun / Frankreich FC Arsenal 63,75 Mio. €
70%
Jadon Sancho Linksaußen 21/22 England / Jamaika Manchester United 85,00 Mio. €
68%
Mykhaylo Mudryk Linksaußen 22/23 Ukraine FC Chelsea 70,00 Mio. €
68%
Alexander Isak Mittelstürmer 22/23 Schweden / Eritrea Newcastle United 70,00 Mio. €
67%
Timo Werner Mittelstürmer 20/21 Deutschland FC Chelsea 53,00 Mio. €
67%
Victor Osimhen Mittelstürmer 20/21 Nigeria SSC Neapel 75,00 Mio. €
67%
Aurélien Tchouaméni Defensives Mittelfeld 22/23 Frankreich / Kamerun Real Madrid 80,00 Mio. €
66%
Gonzalo Higuaín Mittelstürmer 16/17 Argentinien / Frankreich Juventus Turin 90,00 Mio. €
66%
João Cancelo Rechter Verteidiger 19/20 Portugal Manchester City 65,00 Mio. €
65%
Christian Pulisic Rechtsaußen 18/19 Vereinigte Staaten / Kroatien FC Chelsea 64,00 Mio. €
64%
Ferran Torres Linksaußen 21/22 Spanien FC Barcelona 55,00 Mio. €
64%
Luís Figo Rechtsaußen 00/01 Portugal Real Madrid 60,00 Mio. €
64%
Raheem Sterling Linksaußen 15/16 England / Jamaika Manchester City 63,70 Mio. €
64%
Raheem Sterling Linksaußen 22/23 England / Jamaika FC Chelsea 56,20 Mio. €
64%
Bernardo Silva Offensives Mittelfeld 17/18 Portugal Manchester City 50,00 Mio. €
63%
Fernando Torres Mittelstürmer 10/11 Spanien FC Chelsea 58,50 Mio. €
63%
Aymeric Laporte Innenverteidiger 17/18 Spanien / Frankreich Manchester City 65,00 Mio. €
62%
Leroy Sané Rechtsaußen 16/17 Deutschland / Frankreich Manchester City 52,00 Mio. €
62%
Kaká Offensives Mittelfeld 09/10 Brasilien / Italien Real Madrid 67,00 Mio. €
61%
Luka Jovic Mittelstürmer 19/20 Serbien / Bosnien-Herzegowina Real Madrid 63,00 Mio. €
61%
Nicolas Pépé Rechtsaußen 19/20 Elfenbeinküste / Frankreich FC Arsenal 80,00 Mio. €
60%
Gianluigi Buffon Torwart 01/02 Italien Juventus Turin 52,88 Mio. €
59%
Oscar Offensives Mittelfeld 16/17 Brasilien / Italien Shanghai SIPG 60,00 Mio. €
59%
Álvaro Morata Mittelstürmer 17/18 Spanien FC Chelsea 66,00 Mio. €
58%
Lisandro Martínez Innenverteidiger 22/23 Argentinien Manchester United 57,37 Mio. €
58%
Marc Cucurella Linker Verteidiger 22/23 Spanien FC Chelsea 65,30 Mio. €
58%
Miralem Pjanic Zentrales Mittelfeld 20/21 Bosnien-Herzegowina / Luxemburg FC Barcelona 60,00 Mio. €
58%
Naby Keïta Zentrales Mittelfeld 18/19 Guinea FC Liverpool 60,00 Mio. €
58%
Richarlison Mittelstürmer 22/23 Brasilien Tottenham Hotspur 58,00 Mio. €
57%
Gabriel Jesus Mittelstürmer 22/23 Brasilien FC Arsenal 52,20 Mio. €
56%
Benjamin Mendy Linker Verteidiger 17/18 Frankreich / Senegal Manchester City 57,50 Mio. €
55%
Kyle Walker Rechter Verteidiger 17/18 England Manchester City 52,70 Mio. €
55%
John Stones Innenverteidiger 16/17 England Manchester City 55,60 Mio. €
53%
Diego Costa Mittelstürmer 17/18 Spanien / Brasilien Atlético Madrid 60,00 Mio. €
52%
Jorginho Defensives Mittelfeld 18/19 Italien / Brasilien FC Chelsea 57,00 Mio. €
52%
Anthony Martial Mittelstürmer 15/16 Frankreich / Guadeloupe Manchester United 60,00 Mio. €
51%
Thomas Partey Defensives Mittelfeld 20/21 Ghana FC Arsenal 50,00 Mio. €
51%
Fred Zentrales Mittelfeld 18/19 Brasilien Manchester United 59,00 Mio. €
49%
Éder Militão Innenverteidiger 19/20 Brasilien / Spanien Real Madrid 50,00 Mio. €
48%
Raphinha Rechtsaußen 22/23 Brasilien / Italien FC Barcelona 58,00 Mio. €
48%
Hulk Mittelstürmer 16/17 Brasilien Shanghai SIPG 56,00 Mio. €
47%
Wesley Fofana Innenverteidiger 22/23 Frankreich / Elfenbeinküste FC Chelsea 80,40 Mio. €
46%
Ben White Rechter Verteidiger 21/22 England FC Arsenal 58,50 Mio. €
45%
Jules Koundé Innenverteidiger 22/23 Frankreich / Benin FC Barcelona 50,00 Mio. €
45%
Mauro Icardi Mittelstürmer 20/21 Argentinien / Italien FC Paris Saint-Germain 50,00 Mio. €
45%
Cristian Romero Innenverteidiger 22/23 Argentinien Tottenham Hotspur 50,00 Mio. €
44%
Aaron Wan-Bissaka Rechter Verteidiger 19/20 England / DR Kongo Manchester United 55,00 Mio. €
43%
Alexandre Lacazette Mittelstürmer 17/18 Frankreich / Guadeloupe FC Arsenal 53,00 Mio. €
42%
Ben Chilwell Linker Verteidiger 20/21 England FC Chelsea 50,20 Mio. €
42%
Thomas Lemar Offensives Mittelfeld 18/19 Frankreich / Guadeloupe Atlético Madrid 72,00 Mio. €
42%
Tanguy Ndombélé Zentrales Mittelfeld 19/20 Frankreich / DR Kongo Tottenham Hotspur 62,00 Mio. €
39%
Sébastien Haller Mittelstürmer 19/20 Elfenbeinküste / Frankreich West Ham United 50,00 Mio. €
36%
Hernán Crespo Mittelstürmer 00/01 Argentinien / Italien Lazio Rom 56,81 Mio. €
33%
David Luiz Innenverteidiger 14/15 Brasilien / Portugal FC Paris Saint-Germain 49,50 Mio. €
31%
Arthur Melo Zentrales Mittelfeld 20/21 Brasilien Juventus Turin 76,00 Mio. €
25%
Alex Teixeira Offensives Mittelfeld 15/16 Brasilien Jiangsu Suning 50,00 Mio. €
8%
Keine übereinstimmenden Quizze gefunden
Verteilung der Resultate
Anzahl Personen mit jedem Resultat
Perzentil nach korrekt beantworteten Fragen
Ihre Resultats-Entwicklung
Sie haben dieses Quiz noch nicht gespielt